000 00456nam a2200169 4500
001 126260
003 ES-MaACL
005 20230906192803.0
007 t|
008 070214s1971 sp r ||||1| spa d
100 1 _aRemenieras, G.
_996122
245 1 0 _aTratado de Hidrología Aplicada /
_cG. Remenieras.
250 _a1ª ed.
260 _aBarcelona :
_bEta,
_c1971.
300 _aXX, 515 p. :
_bil. ;
_c25 cm.
852 _aES-MaACL
_jC-37437
_bR.77358
999 _c126260
_d126260